Comprensión de la sociedad 6§ Año de Educación General Básica, NB4
Gorde:
| Egile Nagusiak: | , |
|---|---|
| Formatua: | Liburua |
| Hizkuntza: | gaztelania |
| Argitaratua: |
Santiago
Edebé
2000
|
| Edizioa: | 2a. ed |
| Gaiak: | |
| Etiketak: |
Etiketa erantsi
Etiketarik gabe, Izan zaitez lehena erregistro honi etiketa jartzen!
|
MARC
| LEADER | 00000nam a2200000 a 4500 | ||
|---|---|---|---|
| 001 | UCN7841 | ||
| 003 | CL-VaPUC | ||
| 008 | 011026e20000000CL |||||||||||||||||spa|d | ||
| 082 | 0 | 4 | |a 372.83 |b BEN |2 21 |
| 100 | 0 | |a Benítez Martínez, Teresita |e author |9 464004 | |
| 700 | 0 | |a Donoso Zóccola, Andrea |e author |9 464005 | |
| 245 | 1 | 0 | |a Comprensión de la sociedad 6§ Año de Educación General Básica, NB4 |
| 250 | |a 2a. ed | ||
| 300 | |a 228 p | ||
| 942 | |c BK | ||
| 945 | |d 20011026 00:00:00 |a cmena | ||
| 260 | |a Santiago |b Edebé |c 2000 | ||
| 650 | 0 | |a Educación básica |9 224933 | |
| 650 | 0 | |a Enseñanza de la geografía |9 310005 | |
| 650 | 0 | |a Enseñanza de la historia |9 307330 | |
| 650 | 0 | |a Programas de educación |9 339040 | |
| 583 | |a last modification |c 20011026 00:00:00 |k Rodrigo Vera | ||
| 999 | |c 298036 |d 298034 | ||
| 952 | |0 0 |1 0 |4 0 |6 372_830000000000000_BEN_2000 |7 0 |8 P |9 353363 |a BIBEDU |b BIBEDU |c BIBEDU_PB |d 2019-11-21 |i 3766934 |o 372.83 BEN 2000 |p 3766934 |r 2024-01-25 |w 2019-11-21 |y BK |k BME | ||